Préjugés sur les Etatsuniens - Statistiques

Statistiques générales
  • Ce quiz a été pris 831 fois
    818 depuis la dernière actualisation
  • Le résultat moyen est 7 sur 10
Statistiques - réponses
Indices Réponses % Correct
Les Américains ne sauraient pas placer un pays sur une carte, ils seraient donc très mauvais en... Géographie
99%
De ce fait, ils seraient tous... Obèses
99%
Pour se défendre, les Américains auraient tous des... Armes à feu
97%
Les Américains mangeraient tous constamment des... Hamburgers
91%
Avec tant de multinationales et donc d'argent généré, les Américains seraient tous... Riches
90%
Les géants du numérique de la Silicon Valley feraient d'eux des gens à la pointe de la... Technologie
89%
Les Américains seraient tous très fiers de leur pays et donc très... Patriotes
74%
De ce fait, ils seraient tous très... Violents
49%
Avec tous ces petits surnoms alors que vous venez de les rencontrer, les Américains seraient tous très... Accueillants
33%
Bénéficiant de seulement très peu d'aides sociales, aucun Américain n'aurait d'... Assurance Santé
18%
Aucun quiz correspondant
Distribution des résultats
% des personnes avec chaque résultat
Percentile par nombre de réponses
Votre historique - résultats
Vous n’avez pas pris ce quiz depuis la dernière actualisation